Comuni della Provincia di Macerata - Statistics

Statistiche generali
  • Questo quiz è stato fatto 55 volte
  • Il punteggio medio è 29 su 55
Statistiche sulle risposte
Comune % Corretto
Civitanova Marche
96%
Macerata
96%
Recanati
85%
Porto Recanati
81%
Tolentino
77%
Ussita
77%
Montecosaro
73%
Potenza Picena
73%
Camerino
69%
Cingoli
69%
Montelupone
69%
Treia
69%
Apiro
65%
Bolognola
65%
Matelica
65%
San Severino Marche
65%
Morrovalle
62%
Muccia
62%
San Ginesio
62%
Sarnano
62%
Castelraimondo
58%
Pollenza
58%
Visso
58%
Appignano
54%
Monte San Giusto
54%
Urbisaglia
54%
Belforte del Chienti
50%
Castelsantangelo sul Nera
50%
Corridonia
50%
Fiastra
50%
Monte Cavallo
46%
Pieve Torina
46%
Ripe San Ginesio
46%
Caldarola
42%
Esanatoglia
42%
Mogliano
42%
Pioraco
42%
Serravalle di Chienti
42%
Gagliole
38%
Montefano
38%
Serrapetrona
38%
Valfornace
38%
Loro Piceno
35%
Monte San Martino
35%
Sant'Angelo in Pontano
35%
Sefro
35%
Colmurano
31%
Fiuminata
31%
Penna San Giovanni
31%
Poggio San Vicino
31%
Camporotondo di Fiastrone
27%
Cessapalombo
27%
Gualdo
27%
Petriolo
27%
Montecassianio
12%
Nessun quiz corrispondente trovato
Distribuzione punteggi
Percentuale di utenti per punteggio
Percentile per numero di risposta
I tuoi punteggi nel tempo
Non hai fatto questo quiz